Проектирование информационной системы для работы вузов при сдаче выпускной квалификационной работы студентами; Технологии Microsoft в теории и практике программирования

Détails bibliographiques
Parent link:Технологии Microsoft в теории и практике программирования.— 2015.— [С. 216-217]
Auteur principal: Румянцева Е. А.
Collectivité auteur: Национальный исследовательский Томский политехнический университет (ТПУ) Институт кибернетики (ИК) Кафедра оптимизации систем управления (ОСУ)
Autres auteurs: Сеидова А. С. (научный руководитель), Хабибулина Н. Ю. Надежда Юрьевна
Résumé:Заглавие с титульного листа.
This is one information system designed to collect and document preparation for the final state certification of graduates, allowing to automate the process of preparation and protection of final qualifying works of students: make it faster and more convenien.
Langue:russe
Publié: 2015
Collection:Технологии разработки и проектирования информационных систем
Sujets:
Accès en ligne:http://earchive.tpu.ru/handle/11683/23879
http://www.lib.tpu.ru/fulltext/c/2015/C28/097.pdf
Format: MixedMaterials Électronique Chapitre de livre
KOHA link:https://koha.lib.tpu.ru/cgi-bin/koha/opac-detail.pl?biblionumber=614605

MARC

LEADER 00000naa2a2200000 4500
001 614605
005 20231101132821.0
035 |a (RuTPU)RU\TPU\conf\12775 
035 |a RU\TPU\conf\12773 
090 |a 614605 
100 |a 20151002d2015 k y0rusy50 ca 
101 0 |a rus  |d eng 
102 |a RU 
105 |a y z 100zy 
135 |a drgn ---uucaa 
181 0 |a i  
182 0 |a b 
200 1 |a Проектирование информационной системы для работы вузов при сдаче выпускной квалификационной работы студентами  |f Е. А. Румянцева, А. С. Сеидова  |g науч. рук. Н. Ю. Хабибулина 
203 |a Текст  |c электронный 
225 1 |a Технологии разработки и проектирования информационных систем 
230 |a 1 компьютерный файл (pdf; 174 Кб) 
300 |a Заглавие с титульного листа. 
320 |a [Библиогр.: с. 217 (2 назв.)] 
330 |a This is one information system designed to collect and document preparation for the final state certification of graduates, allowing to automate the process of preparation and protection of final qualifying works of students: make it faster and more convenien. 
337 |a Adobe Reader 
463 1 |0 (RuTPU)RU\TPU\conf\19196  |t Технологии Microsoft в теории и практике программирования  |o сборник трудов XII Всероссийской научно-практической конференции студентов, аспирантов и молодых ученых, г.Томск, 25-26 марта 2015 г.  |f Национальный исследовательский Томский политехнический университет (ТПУ), Институт кибернетики ; ред. кол. А. В. Лиепиньш [и др.]  |v [С. 216-217]  |d 2015 
610 1 |a электронный ресурс 
610 1 |a труды учёных ТПУ 
610 1 |a информационные системы 
610 1 |a выпускные квалификационные работы 
610 1 |a студенты 
610 1 |a технологии 
610 1 |a итоговая аттестация 
700 1 |a Румянцева  |b Е. А. 
701 1 |a Сеидова  |b А. С. 
702 1 |a Хабибулина  |b Н. Ю.  |c специалист в области информатики и вычислительной техники  |c доцент Томского политехнического университета  |f 1970-  |g Надежда Юрьевна  |2 stltpush  |4 727 
712 0 2 |a Национальный исследовательский Томский политехнический университет (ТПУ)  |b Институт кибернетики (ИК)  |b Кафедра оптимизации систем управления (ОСУ)  |h 127  |2 stltpush  |3 (RuTPU)RU\TPU\col\18702 
801 2 |a RU  |b 63413507  |c 20210205  |g RCR 
856 4 |u http://earchive.tpu.ru/handle/11683/23879 
856 4 |u http://www.lib.tpu.ru/fulltext/c/2015/C28/097.pdf 
942 |c BK